000 00664nam a2200205Ii 4500
003 JO-AjNU
008 230605s9999||||xx |||||||||||||| ||und||
040 _aJO-AjNU
_bara
_erda
_cJO-AjNU
041 _aara
050 1 4 _aBP165.5.K3588 1984
100 3 _aعيسى، كمال محمد,
_eauthor
_915316
245 0 0 _aالعقيدة الإسلامية سفينة النجاة
250 _aط2
264 3 1 _aجدة: دار الشروق للنشر والتوزيع والطباعة، 1984
300 _a500ص
336 _atext
_btxt
_2rdacontent
337 _aunmediated
_bn
_2rdamedia
338 _avolume
_bnc
_2rdacarrier
650 4 _aعلم الكلام
_915317
999 _aA4296
_c7864
_d7864